[Event "Brno op 9th"]
[Site "Brno"]
[Date "2019.11.05"]
[Round "3"]
[White "Tesar, Jan"]
[Black "Hofirek, Benedikt"]
[Result "0-1"]
[WhiteElo "2029"]
[BlackElo "2269"]
[PlyCount "114"]
[EventDate "2019.11.03"]
[EventType "swiss"]
[EventRounds "7"]
[EventCountry "CZE"]
[SourceTitle "CBM 193 Extra"]
[Source "ChessBase"]
[SourceDate "2020.01.31"]
[SourceVersion "1"]
[SourceVersionDate "2020.01.31"]
[SourceQuality "1"]

1. d4 Nf6 2. Nc3 d5 3. Bg5 Nbd7 4. Nf3 h6 5. Bh4 e6 6. e3 Bb4 7. a3 Bxc3+ 8. bxc3 c5 9. dxc5 Qa5 10. Qd4 Qxc5 11. Bxf6 gxf6 12. c4 dxc4 13. Bxc4 Qxd4 14. exd4 b6 15. 0-0 Bb7 16. Nd2 f5 17. Be2 Nf6 18. f3 Nd5 19. Bb5+ Ke7 20. Rfe1 a6 21. Bd3 Kf6 22. Rab1 b5 23. Rb3 Bc6 24. Reb1 Rhd8 25. c4 Nc7 26. cxb5 Bxb5 27. Rc1 Rxd4 28. Rxc7 Rxd3 29. Rxd3 Bxd3 30. Nb3 Rb8 31. Nc5 Rb1+ 32. Kf2 Rb2+ 33. Kg1 Be2 34. f4 Ra2 35. a4 Bd1 36. Nd7+ Kg7 37. Ne5 Rxa4 38. Rxf7+ Kg8 39. Rd7 Bb3 40. g3 Ra1+ 41. Kf2 Ra2+ 42. Ke3 Rxh2 43. g4 a5 44. Ra7 a4 45. Kd4 Rf2 46. Ra8+ Kg7 47. Ra7+ Kf8 48. Nd7+ Ke7 49. Ne5+ Kd8 50. Nc6+ Ke8 51. gxf5 Rxf4+ 52. Ke5 Rxf5+ 53. Kd4 Kf8 54. Ne5 Kg8 55. Ng6 Rf7 56. Ra8+ Kg7 57. Ne5 Rc7 0-1

[Event "Brno op 9th"]
[Site "Brno"]
[Date "2019.11.04"]
[Round "2"]
[White "Hofirek, Benedikt"]
[Black "Senasi, Martin"]
[Result "1-0"]
[WhiteElo "2269"]
[BlackElo "1942"]
[PlyCount "117"]
[EventDate "2019.11.03"]
[EventType "swiss"]
[EventRounds "7"]
[EventCountry "CZE"]
[SourceTitle "CBM 193 Extra"]
[Source "ChessBase"]
[SourceDate "2020.01.31"]
[SourceVersion "1"]
[SourceVersionDate "2020.01.31"]
[SourceQuality "1"]

1. d4 Nf6 2. c4 e6 3. Nc3 d5 4. cxd5 exd5 5. Bg5 c6 6. e3 Be7 7. Bd3 Qb6 8. Qc2 Na6 9. a3 Qa5 10. Rc1 Nc7 11. Nf3 h6 12. Bh4 Ne6 13. 0-0 0-0 14. h3 Bd7 15. b4 Qd8 16. Ne5 g5 17. Bg3 a5 18. Qb3 axb4 19. axb4 Qb6 20. Rb1 Rfc8 21. Na4 Qd8 22. Nc5 Ra7 23. Nexd7 Nxd7 24. Nxe6 fxe6 25. Bc2 Rca8 26. Qd3 Nf8 27. Rb3 Ra1 28. b5 Rxf1+ 29. Qxf1 Qa5 30. Qd3 Qe1+ 31. Kh2 Ra1 32. Bb1 c5 33. f4 Qc1 34. dxc5 Bxc5 35. fxg5 hxg5 36. Bf2 Qc4 37. g4 Qc1 38. Kg2 Bd6 39. e4 Ng6 40. Be3 Nh4+ 41. Kf2 Qh1 42. Bxg5 Qg2+ 43. Ke1 Rxb1+ 44. Rxb1 Nf3+ 45. Kd1 Nxg5 46. exd5 Ne4 47. Rb2 Qxb2 48. Qxe4 Qb3+ 49. Ke2 Qxb5+ 50. Ke3 Bc5+ 51. Kf4 Bd6+ 52. Ke3 Bc5+ 53. Kf4 Qf1+ 54. Ke5 Kg7 55. dxe6 Qb5 56. Qd5 Qb2+ 57. Kf5 Qf2+ 58. Ke5 Qe3+ 59. Kf5 1-0

[Event "CZE-chT2E 1617"]
[Site "Czech Republic"]
[Date "2016.10.09"]
[Round "1.7"]
[White "Hofirek, Benedikt"]
[Black "Dvorakova, Olga"]
[Result "1-0"]
[WhiteElo "2260"]
[BlackElo "1546"]
[PlyCount "95"]
[EventDate "2016.09.10"]
[EventType "team-tourn"]
[EventRounds "11"]
[EventCountry "CZE"]
[SourceTitle "EXT 2022"]
[Source "ChessBase"]
[SourceDate "2021.10.06"]
[SourceVersion "1"]
[SourceVersionDate "2021.10.06"]
[SourceQuality "1"]
[WhiteTeam "Brno Lokomotiva II"]
[BlackTeam "Adamov"]
[WhiteTeamCountry "CZE"]
[BlackTeamCountry "CZE"]

1. d4 Nf6 2. c4 e6 3. Nc3 Bb4 4. e3 b6 5. Bd3 Bb7 6. Nf3 0-0 7. 0-0 c5 8. Na4 cxd4 9. a3 Be7 10. exd4 Qc7 11. b4 Ng4 12. Re1 f5 13. Ne5 Bf6 14. Nxg4 Bxd4 15. Nb2 Qc6 16. Be4 d5 17. Qxd4 dxe4 18. Ne5 Qc7 19. Bf4 Nc6 20. Qc3 Qe7 21. Rad1 Qf6 22. b5 Ne7 23. Qg3 Rfd8 24. Qg5 Qf8 25. Nd7 h6 26. Nxf8 hxg5 27. Rxd8 Rxd8 28. Nxe6 Re8 29. Nxg5 Ng6 30. g3 a6 31. Be3 axb5 32. cxb5 Re5 33. a4 Rd5 34. Rd1 Rxd1+ 35. Nxd1 Bd5 36. Nc3 Bb7 37. Bxb6 Ne5 38. Bd4 Nc4 39. Kf1 g6 40. Ke2 Kf8 41. Ne6+ Ke7 42. Nf4 g5 43. Ng6+ Kf7 44. Ne5+ Nxe5 45. Bxe5 Ke6 46. Bd4 Kd6 47. a5 Kc7 48. h4 1-0

[Event "CZE-chT2E 1516"]
[Site "Czech Republic"]
[Date "2016.01.24"]
[Round "6.2"]
[White "Hofirek, Benedikt"]
[Black "Obsivac, Josef"]
[Result "1-0"]
[WhiteElo "2238"]
[BlackElo "2339"]
[PlyCount "127"]
[EventDate "2015.10.18"]
[EventType "team-tourn"]
[EventRounds "11"]
[EventCountry "CZE"]
[SourceTitle "EXT 2022"]
[Source "ChessBase"]
[SourceDate "2021.10.06"]
[SourceVersion "1"]
[SourceVersionDate "2021.10.06"]
[SourceQuality "1"]
[WhiteTeam "Brno Lokomotiva II"]
[BlackTeam "Grygov II"]
[WhiteTeamCountry "CZE"]
[BlackTeamCountry "CZE"]

1. d4 Nf6 2. c4 g6 3. Nc3 Bg7 4. e4 d6 5. Nf3 0-0 6. Be2 e5 7. 0-0 Na6 8. Be3 Ng4 9. Bg5 Qe8 10. h3 h6 11. Bh4 Nf6 12. dxe5 dxe5 13. Bxf6 Bxf6 14. Nd5 Bd8 15. Qd2 Kg7 16. b4 c6 17. Ne3 f5 18. exf5 gxf5 19. b5 Nb8 20. Qd6 Bf6 21. Rad1 e4 22. Nd4 Be5 23. Qa3 Bc7 24. f4 Qg6 25. Kh1 h5 26. Qe7+ Rf7 27. Qh4 Kf8 28. Qxh5 Qxh5 29. Bxh5 Rf6 30. a4 a6 31. c5 axb5 32. axb5 b6 33. bxc6 bxc5 34. Nd5 cxd4 35. Nxf6 Nxc6 36. Be8 Ra6 37. Nd5 Ba5 38. Bxc6 Rxc6 39. Rxd4 Be6 40. Rb1 Rc5 41. Ne3 Bc7 42. g4 Bxf4 43. Nxf5 Be5 44. Rd8+ Kf7 45. Rb7+ Kf6 46. h4 Bc7 47. Rf8+ Kg6 48. Ra7 Rc1+ 49. Kg2 Rc2+ 50. Kf1 Bc4+ 51. Ke1 Bd3 52. Kd1 Rc5 53. Rc8 Bc2+ 54. Ke2 Bd3+ 55. Ke3 Bb6 56. Rg7+ Kf6 57. Rxc5 Bxc5+ 58. Kf4 Bg1 59. g5+ Ke6 60. Re7+ Kd5 61. Re5+ Kc6 62. g6 Bh2+ 63. Ng3 Kd6 64. g7 1-0

[Event "CZE-chT2E 1516"]
[Site "Czech Republic"]
[Date "2015.11.22"]
[Round "3"]
[White "Mejzlik, Vojtech"]
[Black "Hofirek, Benedikt"]
[Result "1/2-1/2"]
[WhiteElo "2221"]
[BlackElo "2238"]
[PlyCount "103"]
[EventDate "2015.10.18"]
[EventType "team-tourn"]
[EventRounds "11"]
[EventCountry "CZE"]
[SourceTitle "EXT 2022"]
[Source "ChessBase"]
[SourceDate "2021.10.06"]
[SourceVersion "1"]
[SourceVersionDate "2021.10.06"]
[SourceQuality "1"]
[WhiteTeam "Jundrov Jezdci"]
[BlackTeam "Brno Lokomotiva II"]
[WhiteTeamCountry "CZE"]
[BlackTeamCountry "CZE"]

1. c4 e5 2. Nc3 Nf6 3. g3 d5 4. cxd5 Nxd5 5. Bg2 Nb6 6. Nf3 Nc6 7. 0-0 Be7 8. d3 Be6 9. b3 0-0 10. Bb2 f6 11. Rc1 a5 12. Nd2 Nd5 13. Nxd5 Bxd5 14. a3 Bxg2 15. Kxg2 Qd5+ 16. Kg1 f5 17. Qc2 Bg5 18. Rfd1 Rad8 19. Qc4 e4 20. e3 Qxc4 21. dxc4 Bf6 22. Rc2 Bxb2 23. Rxb2 Rd3 24. Kf1 Rfd8 25. Ke2 Ne5 26. Ra1 Rc3 27. Kf1 Nd3 28. Rba2 Kf7 29. Rb1 b6 30. Kg2 Ne5 31. h3 Rdd3 32. g4 g6 33. Kg3 Ke6 34. Kf4 Rd7 35. Kg3 Nd3 36. h4 f4+ 37. Kg2 f3+ 38. Kg3 Nc1 39. Rxc1 Rxc1 40. Nxe4 h6 41. Kxf3 Rd3 42. Nd2 Rcc3 43. Ke4 a4 44. bxa4 Rxa3 45. Rb2 Rd8 46. Nf3 Rxa4 47. Nd4+ Kf7 48. Rc2 c5 49. Nc6 Rd6 50. Ne5+ Kg7 51. Rb2 Ra7 52. f4 1/2-1/2

[Event "CZE-chT U20 Extraliga final-A 1415"]
[Site "Czech Republic"]
[Date "2015.04.25"]
[Round "9.3"]
[White "Hofirek, Benedikt"]
[Black "Kastl, Daniel"]
[Result "1-0"]
[WhiteElo "2105"]
[BlackElo "1814"]
[PlyCount "61"]
[EventDate "2014.10.11"]
[EventType "team-tourn"]
[EventRounds "11"]
[EventCountry "CZE"]
[SourceTitle "EXT 2021"]
[Source "ChessBase"]
[SourceDate "2020.10.23"]
[SourceVersion "1"]
[SourceVersionDate "2020.10.23"]
[SourceQuality "1"]
[WhiteTeam "Brno Lokomotiva (U20)"]
[BlackTeam "Most Chess (U20)"]
[WhiteTeamCountry "CZE"]
[BlackTeamCountry "CZE"]

1. d4 c6 2. c4 d5 3. Nf3 Nf6 4. Nc3 Bf5 5. cxd5 Nxd5 6. Qb3 Nxc3 7. bxc3 Qb6 8. Ne5 e6 9. f3 Qxb3 10. axb3 Nd7 11. e4 Bg6 12. Nc4 b6 13. Bf4 Be7 14. Nd6+ Bxd6 15. Bxd6 a5 16. b4 Kd8 17. bxa5 Rxa5 18. Rxa5 bxa5 19. Kd2 Nb6 20. Bd3 Kd7 21. Bf4 Ra8 22. Rb1 Nc8 23. Rb7+ Kd8 24. Bc7+ Ke8 25. Kc2 a4 26. Kb2 Ra7 27. Rxa7 Nxa7 28. c4 Kd7 29. Bb6 Nc8 30. Bc5 Kc7 31. Bf8 1-0

[Event "CZE-chT2E 1415"]
[Site "Czech Republic"]
[Date "2015.03.15"]
[Round "9.5"]
[White "Hofirek, Benedikt"]
[Black "Chladek, Vlastimil"]
[Result "1-0"]
[WhiteElo "2105"]
[BlackElo "2058"]
[PlyCount "81"]
[EventDate "2014.11.02"]
[EventType "team-tourn"]
[EventRounds "11"]
[EventCountry "CZE"]
[SourceTitle "EXT 2022"]
[Source "ChessBase"]
[SourceDate "2021.10.06"]
[SourceVersion "1"]
[SourceVersionDate "2021.10.06"]
[SourceQuality "1"]
[WhiteTeam "Brno Lokomotiva II"]
[BlackTeam "Lipovec Garde"]
[WhiteTeamCountry "CZE"]
[BlackTeamCountry "CZE"]

1. d4 Nf6 2. c4 e5 3. dxe5 Ng4 4. Bf4 g5 5. Bg3 Bg7 6. Nf3 Nc6 7. Nc3 Ngxe5 8. Nxe5 Nxe5 9. e4 d6 10. Be2 Be6 11. Nd5 c6 12. Ne3 Qa5+ 13. Qd2 Qxd2+ 14. Kxd2 Rd8 15. Kc2 d5 16. cxd5 cxd5 17. exd5 Bxd5 18. Nxd5 Rxd5 19. Rad1 Rxd1 20. Rxd1 Ke7 21. f4 Rc8+ 22. Kb1 gxf4 23. Bxf4 Rd8 24. Rc1 Nc6 25. Bf3 Nb4 26. Rc7+ Rd7 27. Rxd7+ Kxd7 28. Bxb7 Nd3 29. Be3 Nxb2 30. Bxa7 Kd6 31. Be4 h6 32. Bb8+ Kc5 33. Ba7+ Kc4 34. Kc2 Na4 35. Bh7 Kb4 36. Bg8 f6 37. Bd4 Nc5 38. Bd5 Nd7 39. Kd3 Nc5+ 40. Ke3 Na4 41. Kf4 1-0

[Event "CZE-chT2E 1415"]
[Site "Czech Republic"]
[Date "2014.11.16"]
[Round "2.6"]
[White "Skacelik, Petr"]
[Black "Hofirek, Benedikt"]
[Result "0-1"]
[WhiteElo "2136"]
[BlackElo "2105"]
[PlyCount "76"]
[EventDate "2014.11.02"]
[EventType "team-tourn"]
[EventRounds "11"]
[EventCountry "CZE"]
[SourceTitle "EXT 2022"]
[Source "ChessBase"]
[SourceDate "2021.10.06"]
[SourceVersion "1"]
[SourceVersionDate "2021.10.06"]
[SourceQuality "1"]
[WhiteTeam "Brno Moravska Slavia"]
[BlackTeam "Brno Lokomotiva II"]
[WhiteTeamCountry "CZE"]
[BlackTeamCountry "CZE"]

1. d4 d5 2. c4 c6 3. Nc3 Nf6 4. Nf3 e6 5. e3 Nbd7 6. Bd3 dxc4 7. Bxc4 b5 8. Bd3 Bb7 9. e4 b4 10. Na4 c5 11. e5 Nd5 12. dxc5 Nxc5 13. Nxc5 Bxc5 14. Bb5+ Ke7 15. 0-0 h6 16. Qe2 Qb6 17. Bd2 Rhc8 18. Rac1 Rc7 19. Bc4 Rac8 20. Qe4 Kf8 21. Qh7 Ne7 22. Bxh6 gxh6 23. Qxh6+ Ke8 24. Ng5 Bxf2+ 25. Rxf2 Rxc4 26. Rd1 Rd4 27. Rxd4 Qxd4 28. Nxf7 Kd7 29. Qd2 Qxd2 30. Rxd2+ Bd5 31. g4 Rc4 32. h3 Rf4 33. Ng5 Ng6 34. Kh2 Nxe5 35. Kg3 Rf1 36. b3 Ke7 37. Re2 Nd3 38. h4 Rg1+ 0-1

[Event "CZE-chT U20 Extraliga Ost 1415"]
[Site "Czech Republic"]
[Date "2014.10.11"]
[Round "2.3"]
[White "Hofirek, Benedikt"]
[Black "Husek, Martin"]
[Result "1-0"]
[WhiteElo "2105"]
[BlackElo "1887"]
[PlyCount "109"]
[EventDate "2014.10.11"]
[EventType "team-tourn"]
[EventRounds "11"]
[EventCountry "CZE"]
[SourceTitle "EXT 2021"]
[Source "ChessBase"]
[SourceDate "2020.10.23"]
[SourceVersion "1"]
[SourceVersionDate "2020.10.23"]
[SourceQuality "1"]
[WhiteTeam "Brno Lokomotiva (U20)"]
[BlackTeam "Stare Mesto (U20)"]
[WhiteTeamCountry "CZE"]
[BlackTeamCountry "CZE"]

1. d4 d5 2. c4 c6 3. Nf3 Nf6 4. e3 e6 5. Nc3 Nbd7 6. Bd3 dxc4 7. Bxc4 b5 8. Bd3 Bb7 9. e4 b4 10. Na4 c5 11. e5 Nd5 12. 0-0 cxd4 13. Re1 g6 14. Bg5 Qb8 15. Nxd4 a6 16. Qe2 Bg7 17. Nf3 h6 18. Bd2 Bc6 19. b3 Bb5 20. Nb2 Bxd3 21. Nxd3 0-0 22. Rac1 Qb7 23. Qe4 a5 24. Be3 Rfc8 25. Nf4 Qb5 26. Nxd5 exd5 27. Qd4 Nf8 28. Qd2 Kh7 29. Red1 Rxc1 30. Rxc1 Ne6 31. Nd4 Qd7 32. Nxe6 fxe6 33. f4 Rc8 34. Rxc8 Qxc8 35. Qc1 Qxc1+ 36. Bxc1 g5 37. fxg5 hxg5 38. Bxg5 Bxe5 39. Bd8 Kg6 40. Bxa5 Bd6 41. Kf2 Kf5 42. Kf3 e5 43. g4+ Kg5 44. Bd8+ Kg6 45. h4 Kh6 46. Bb6 Kg6 47. Ke3 Be7 48. Bc7 Kf6 49. h5 Bf8 50. g5+ Kf5 51. g6 Kf6 52. Bd8+ Be7 53. g7 Kf7 54. Bxe7 Kxg7 55. Bxb4 1-0

[Event "OP-2014-0-03389"]
[Site "LSS email"]
[Date "2014.04.21"]
[Round "?"]
[White "Lenz, Juergen"]
[Black "Hofirek, Benedikt"]
[Result "0-1"]
[WhiteElo "1165"]
[BlackElo "800"]
[PlyCount "36"]
[EventDate "2014.04.17"]
[EventType "tourn (corr)"]
[EventRounds "4"]
[EventCountry "GER"]
[SourceTitle "Corr 2022"]
[Source "ChessBase"]
[SourceDate "2021.10.24"]
[SourceVersion "1"]
[SourceVersionDate "2021.10.24"]
[SourceQuality "1"]

1. d4 Nf6 2. Nf3 g6 3. Bf4 Bg7 4. e3 0-0 5. Be2 Nh5 6. Be5 f6 7. g4 fxe5 8. gxh5 e4 9. Nfd2 d5 10. c4 e5 11. dxe5 Qh4 12. Nf1 Qxf2+ 13. Kd2 d4 14. exd4 Nc6 15. Kc3 Rd8 16. d5 Bg4 17. Bxg4 Bxe5+ 18. Kb3 Qxb2+ 0-1

[Event "CZE-chTA U20 1213"]
[Site "Czech Republic"]
[Date "2013.04.14"]
[Round "11.1"]
[White "Hofirek, Benedikt"]
[Black "Toman, Ondrej"]
[Result "1-0"]
[WhiteElo "2094"]
[BlackElo "2101"]
[PlyCount "109"]
[EventDate "2012.10.06"]
[EventType "team-tourn"]
[EventRounds "11"]
[EventCountry "CZE"]
[SourceTitle "EXT 2015"]
[Source "ChessBase"]
[SourceDate "2014.11.20"]
[SourceVersion "1"]
[SourceVersionDate "2014.11.20"]
[SourceQuality "1"]
[WhiteTeam "Brno Lokomotiva (U20)"]
[BlackTeam "Udlice (U20)"]
[WhiteTeamCountry "CZE"]
[BlackTeamCountry "CZE"]

1. d4 Nf6 2. c4 e6 3. g3 d5 4. Nf3 Be7 5. Bg2 0-0 6. 0-0 Re8 7. Qc2 b6 8. Nc3 Bb7 9. cxd5 Nxd5 10. e4 Nxc3 11. bxc3 c5 12. Rd1 cxd4 13. cxd4 Nc6 14. Bb2 Rc8 15. Qe2 Nb4 16. Ne1 g6 17. a3 Ba6 18. Qd2 Nc6 19. d5 Na5 20. Qd4 f6 21. d6 Qxd6 22. Qxd6 Bxd6 23. Bxf6 Kf7 24. e5 Be7 25. Rd7 Bb5 26. Rxa7 Nc6 27. Rb7 Rb8 28. Rxb8 Rxb8 29. Bxe7 Nxe7 30. Nf3 h6 31. Nd4 Bd7 32. Rc1 Rc8 33. Rxc8 Bxc8 34. f4 g5 35. fxg5 hxg5 36. Be4 Ng6 37. Nb5 Bd7 38. Nd6+ Kg7 39. Bxg6 Kxg6 40. g4 Bc6 41. Kf2 Ba4 42. Nc4 Bd1 43. Kg3 Kf7 44. Nxb6 Ke8 45. h4 gxh4+ 46. Kxh4 Bc2 47. Kg5 Bd1 48. Nc4 Be2 49. Ne3 Kf7 50. Kh6 Bd3 51. g5 Bg6 52. Nc4 Bc2 53. Nd6+ Kg8 54. g6 Ba4 55. Ne4 1-0

[Event "CZE-chTA U20 1213"]
[Site "Czech Republic"]
[Date "2013.04.13"]
[Round "10.1"]
[White "Franek, Jan1111"]
[Black "Hofirek, Benedikt"]
[Result "1/2-1/2"]
[WhiteElo "1976"]
[BlackElo "2094"]
[PlyCount "51"]
[EventDate "2012.10.06"]
[EventType "team-tourn"]
[EventRounds "11"]
[EventCountry "CZE"]
[SourceTitle "EXT 2015"]
[Source "ChessBase"]
[SourceDate "2014.11.20"]
[SourceVersion "1"]
[SourceVersionDate "2014.11.20"]
[SourceQuality "1"]
[WhiteTeam "Praha Bohemians (U20)"]
[BlackTeam "Brno Lokomotiva (U20)"]
[WhiteTeamCountry "CZE"]
[BlackTeamCountry "CZE"]

1. e4 e5 2. Nf3 Nc6 3. Bb5 a6 4. Ba4 Nf6 5. d4 exd4 6. 0-0 Be7 7. Re1 b5 8. e5 Nxe5 9. Rxe5 bxa4 10. Nxd4 0-0 11. Nf5 Re8 12. Bg5 d6 13. Nxe7+ Rxe7 14. Bxf6 gxf6 15. Rh5 Re5 16. Rh4 f5 17. g3 Bb7 18. Nd2 Qe8 19. Qh5 Qc6 20. f3 Qb6+ 21. Kf1 Qxb2 22. Rb1 Qxc2 23. Qg5+ Kh8 24. Qf6+ Kg8 25. Qg5+ Kh8 26. Qf6+ 1/2-1/2

[Event "CZE-chTA U20 1213"]
[Site "Czech Republic"]
[Date "2013.04.12"]
[Round "8.1"]
[White "Riha, Jaroslav1111"]
[Black "Hofirek, Benedikt"]
[Result "0-1"]
[WhiteElo "1996"]
[BlackElo "2094"]
[PlyCount "58"]
[EventDate "2012.10.06"]
[EventType "team-tourn"]
[EventRounds "11"]
[EventCountry "CZE"]
[SourceTitle "EXT 2015"]
[Source "ChessBase"]
[SourceDate "2014.11.20"]
[SourceVersion "1"]
[SourceVersionDate "2014.11.20"]
[SourceQuality "1"]
[WhiteTeam "Most Chess (U20)"]
[BlackTeam "Brno Lokomotiva (U20)"]
[WhiteTeamCountry "CZE"]
[BlackTeamCountry "CZE"]

1. c4 e5 2. g3 Nf6 3. Bg2 d5 4. cxd5 Nxd5 5. Nc3 Nb6 6. Nf3 Nc6 7. 0-0 Be7 8. d3 0-0 9. a3 Be6 10. Be3 Nd5 11. Nxd5 Bxd5 12. b4 Nd4 13. Bxd4 exd4 14. Qa4 c6 15. Rac1 a6 16. Nd2 Bxg2 17. Kxg2 Qd5+ 18. Kg1 Rae8 19. Qb3 Qh5 20. Nf3 Bf6 21. Rc2 Re6 22. Kg2 Rfe8 23. Re1 g5 24. h3 g4 25. hxg4 Qxg4 26. Qa2 h5 27. Rh1 h4 28. Nxh4 Rxe2 29. Nf3 R8e3 0-1

[Event "CZE-ch U14"]
[Site "Kouty nad Desnou"]
[Date "2013.03.12"]
[Round "5"]
[White "Hofirek, Benedikt"]
[Black "Marek, Matyas"]
[Result "0-1"]
[WhiteElo "2131"]
[BlackElo "2003"]
[PlyCount "68"]
[EventDate "2013.03.09"]
[EventType "swiss"]
[EventRounds "9"]
[EventCountry "CZE"]
[SourceTitle "EXT 2015"]
[Source "ChessBase"]
[SourceDate "2014.11.20"]
[SourceVersion "1"]
[SourceVersionDate "2014.11.20"]
[SourceQuality "1"]

1. d4 Nf6 2. c4 g6 3. Nc3 Bg7 4. e4 d6 5. Nf3 0-0 6. Be2 e5 7. 0-0 Nc6 8. d5 Ne7 9. Ne1 Ne8 10. Be3 f5 11. f3 f4 12. Bf2 g5 13. Nd3 Ng6 14. c5 Rf7 15. a4 Bf8 16. cxd6 Bxd6 17. Nb5 a6 18. Na3 h5 19. a5 Rg7 20. Nc4 Qe7 21. Kh1 Nf6 22. Qb3 Kh8 23. Rac1 g4 24. Nxd6 cxd6 25. Nb4 g3 26. Be1 Nh4 27. Rg1 gxh2 28. Kxh2 Nxg2 29. Rxg2 Rxg2+ 30. Kxg2 Qg7+ 31. Kh2 Bh3 32. Kxh3 Rg8 33. Bf1 Qg1 34. Rc2 Rg3+ 0-1

[Event "CZE-chTE U20 1213"]
[Site "Czech Republic"]
[Date "2013.01.26"]
[Round "6.1"]
[White "Cukrowski, Filip"]
[Black "Hofirek, Benedikt"]
[Result "0-1"]
[WhiteElo "2161"]
[BlackElo "2094"]
[PlyCount "84"]
[EventDate "2012.10.06"]
[EventType "team-tourn"]
[EventRounds "11"]
[EventCountry "CZE"]
[SourceTitle "EXT 2015"]
[Source "ChessBase"]
[SourceDate "2014.11.20"]
[SourceVersion "1"]
[SourceVersionDate "2014.11.20"]
[SourceQuality "1"]
[WhiteTeam "Orlova Slavia (U20)"]
[BlackTeam "Brno Lokomotiva (U20)"]
[WhiteTeamCountry "CZE"]
[BlackTeamCountry "CZE"]

1. e4 e5 2. Nf3 Nc6 3. Bb5 a6 4. Ba4 Nf6 5. 0-0 Be7 6. Re1 b5 7. Bb3 d6 8. c3 0-0 9. h3 Bb7 10. d4 Re8 11. Nbd2 Bf8 12. a4 h6 13. d5 Ne7 14. c4 c6 15. dxc6 Bxc6 16. axb5 axb5 17. Rxa8 Qxa8 18. cxb5 Bxb5 19. Bxf7+ Kxf7 20. Qb3+ Ned5 21. Qxb5 Rb8 22. Qd3 Nf4 23. Qc4+ Ne6 24. g3 Rc8 25. Qe2 Rc2 26. b4 Qa1 27. Qd1 Rc3 28. Kg2 Be7 29. Nb3 Qa4 30. Na5 Qxd1 31. Rxd1 Nxe4 32. Be3 Nc7 33. Bb6 Ke6 34. Re1 d5 35. Bxc7 Rxc7 36. b5 Rc2 37. Rf1 Bc5 38. Ne1 Ra2 39. Nb3 Bxf2 40. Nd3 Bb6+ 41. Kf3 Ra3 42. Rb1 Rxb3 0-1

[Event "Brno op 3rd"]
[Site "Brno"]
[Date "2012.11.14"]
[Round "5"]
[White "Hofirek, Benedikt"]
[Black "Golcman, Evgeny"]
[Result "1/2-1/2"]
[WhiteElo "2094"]
[BlackElo "2274"]
[PlyCount "151"]
[EventDate "2012.11.10"]
[EventType "swiss"]
[EventRounds "9"]
[EventCountry "CZE"]
[SourceTitle "CBM 151 Extra"]
[Source "ChessBase"]
[SourceDate "2012.12.18"]
[SourceVersion "1"]
[SourceVersionDate "2012.12.18"]
[SourceQuality "1"]

1. d4 c5 2. d5 Nf6 3. c4 g6 4. Nc3 Bg7 5. e4 d6 6. Nf3 0-0 7. h3 Na6 8. a3 Nc7 9. Bd3 a6 10. 0-0 b5 11. Re1 bxc4 12. Bxc4 Rb8 13. Qc2 Nb5 14. Nxb5 axb5 15. Bf1 Bd7 16. Bf4 b4 17. axb4 Rxb4 18. Bd2 Rb8 19. Bc3 Qb6 20. Ra6 Qb7 21. Rea1 Ra8 22. Rxa8 Rxa8 23. Rxa8+ Qxa8 24. b4 cxb4 25. Bxb4 Qa1 26. Bc3 Qa4 27. Bd3 Qxc2 28. Bxc2 Nxd5 29. Bxg7 Nb4 30. Bc3 Nxc2 31. e5 Kf8 32. g4 Ke8 33. Kg2 Bc6 34. Kg3 Bxf3 35. Kxf3 Kd7 36. exd6 Kxd6 37. Ke4 Ke6 38. f4 f5+ 39. gxf5+ gxf5+ 40. Kf3 Kd5 41. Be5 Kc4 42. Kg3 Kd3 43. Kh4 Ke4 44. Kg5 Ne1 45. Bb8 Ng2 46. h4 h6+ 47. Kxh6 Nxh4 48. Kg7 Kd5 49. Kf7 e6 50. Kf6 Ng2 51. Be5 Ne3 52. Bb8 Ng4+ 53. Kg5 Ke4 54. Bc7 Ne3 55. Bb8 Ng4 56. Bc7 Kd5 57. Bb8 Kc6 58. Ba7 Kd6 59. Bb6 Ke7 60. Bc5+ Kf7 61. Bd4 Nh2 62. Bc3 Nf3+ 63. Kh5 e5 64. fxe5 Ke6 65. Bb2 Nd2 66. Kh4 Nf3+ 67. Kg3 Nxe5 68. Bxe5 Kxe5 69. Kf3 f4 70. Kf2 Kf5 71. Kf3 Kg5 72. Kf2 Kg4 73. Kg2 f3+ 74. Kf2 Kf4 75. Kf1 f2 76. Kxf2 1/2-1/2

[Event "Brno op 3rd"]
[Site "Brno"]
[Date "2012.11.12"]
[Round "3"]
[White "Hofirek, Benedikt"]
[Black "Richterova, Natasa"]
[Result "1/2-1/2"]
[WhiteElo "2094"]
[BlackElo "1945"]
[PlyCount "72"]
[EventDate "2012.11.10"]
[EventType "swiss"]
[EventRounds "9"]
[EventCountry "CZE"]
[SourceTitle "CBM 151 Extra"]
[Source "ChessBase"]
[SourceDate "2012.12.18"]
[SourceVersion "1"]
[SourceVersionDate "2012.12.18"]
[SourceQuality "1"]

1. d4 d5 2. c4 c6 3. Nf3 Nf6 4. e3 a6 5. Bd3 Bg4 6. Nbd2 e6 7. 0-0 Be7 8. Qc2 Nbd7 9. b3 Bh5 10. Bb2 Bg6 11. Bxg6 hxg6 12. e4 Rc8 13. e5 Nh7 14. Rac1 0-0 15. c5 Ng5 16. Ne1 b6 17. b4 a5 18. f4 Ne4 19. Nxe4 dxe4 20. a3 axb4 21. axb4 bxc5 22. dxc5 Nb8 23. Qxe4 Na6 24. Nf3 Rb8 25. Bc3 Qc7 26. Rb1 Rfd8 27. Rb2 Qb7 28. Nd4 Rd5 29. Rd1 Nc7 30. Rdd2 Rbd8 31. h3 Nb5 32. Nxb5 Qxb5 33. Rxd5 Rxd5 34. Rd2 Bxc5+ 35. Kh2 Rxd2 36. Bxd2 Bf8 1/2-1/2

[Event "Brno op 3rd"]
[Site "Brno"]
[Date "2012.11.11"]
[Round "2"]
[White "Strebkovs, Andrejs"]
[Black "Hofirek, Benedikt"]
[Result "1/2-1/2"]
[WhiteElo "2318"]
[BlackElo "2094"]
[PlyCount "98"]
[EventDate "2012.11.10"]
[EventType "swiss"]
[EventRounds "9"]
[EventCountry "CZE"]
[SourceTitle "CBM 151 Extra"]
[Source "ChessBase"]
[SourceDate "2012.12.18"]
[SourceVersion "1"]
[SourceVersionDate "2012.12.18"]
[SourceQuality "1"]

1. c4 e5 2. g3 Nf6 3. Bg2 d5 4. cxd5 Nxd5 5. Nf3 Nc6 6. d3 Be7 7. Nbd2 0-0 8. Nc4 f6 9. 0-0 Be6 10. b3 Nd4 11. Bb2 c5 12. e3 Nc6 13. Qe2 Qd7 14. Rfd1 Bg4 15. Nfxe5 Nxe5 16. Nxe5 fxe5 17. Bxd5+ Kh8 18. f3 Qxd5 19. fxg4 Qf3 20. Qxf3 Rxf3 21. Bxe5 Rxe3 22. Bf4 Re6 23. Re1 Rxe1+ 24. Rxe1 Bf8 25. Kf2 Kg8 26. Re5 Rd8 27. Ke3 g6 28. h4 Kf7 29. h5 Bg7 30. Re4 Rd5 31. Bb8 Rd8 32. Bf4 Rd5 33. Ra4 a6 34. Ke4 Ke6 35. hxg6 hxg6 36. Be3 Be5 37. Rc4 Bd6 38. Rc1 Re5+ 39. Kf3 Rd5 40. Ke2 b6 41. b4 cxb4 42. Bxb6 Bxg3 43. d4 Bd6 44. Ke3 Rb5 45. Bd8 a5 46. Ke4 a4 47. Rb1 b3 48. axb3 Rxb3 49. Rxb3 axb3 1/2-1/2